00309nam a2200121 a 4500008004100000050001600041100002000057245002000077246003600097260002800133300001700161350000900178120416s1981 ||||||||||||||||| || u aHF 1411 Tra aGmur, Charles J10aTrade financing aco-ordinated by Charles J. Gmur aLondonbEuromoneyc1981 a190p. : ill. a0.00